Dobré vyhliadky v makroekonomickom vývoji
Krajiny V4 by mali v nasledujúcom období vykázať ekonomický rast. Podmienkou je pokračovanie v ekonomických reformách. Vývoj vybraných makroekonomických ukazovateľov na Slovensku. Vývoj a prognóza vybraných ukazovateľov. Očakávania hospodárskeho rastu. Strednodobý výhľad v Česku.
Enregistré dans:
| Auteur principal: | |
|---|---|
| Format: | Chapitre de livre |
| Langue: | slovaque |
| Sujets: | |
| Tags: |
Pas de tags, Soyez le premier à ajouter un tag!
|
MARC
| LEADER | 00000naa a2200000 4500 | ||
|---|---|---|---|
| 001 | r038784 | ||
| 005 | 20230920071424.4 | ||
| 041 | 0 | |a slo | |
| 044 | |a SK | ||
| 245 | 1 | 0 | |a Dobré vyhliadky v makroekonomickom vývoji |c Marianna Onuferová |
| 520 | |a Krajiny V4 by mali v nasledujúcom období vykázať ekonomický rast. Podmienkou je pokračovanie v ekonomických reformách. Vývoj vybraných makroekonomických ukazovateľov na Slovensku. Vývoj a prognóza vybraných ukazovateľov. Očakávania hospodárskeho rastu. Strednodobý výhľad v Česku. | ||
| 610 | 2 | 0 | |a situácia hospodárska |
| 610 | 2 | 0 | |a ukazovatele makroekonomické |
| 610 | 2 | 0 | |a prognózy hospodárske |
| 610 | 2 | 0 | |a SVE |
| 610 | 2 | 0 | |a Slovensko |
| 610 | 2 | 0 | |a Česko |
| 100 | 1 | |a Onuferová, Marianna | |